[Event "Shen Zhen Luo Hu Match 2018"]
[Site "Shenzhen"]
[Date "2018.06.12"]
[Round "1"]
[White "Yu, Yangyi"]
[Black "Svidler, Peter"]
[Result "1-0"]
[WhiteElo "2759"]
[BlackElo "2753"]
[Annotator "TA"]
[PlyCount "91"]
[EventDate "2018.??.??"]
[EventCountry "CHN"]
[SourceTitle "playchess.com"]
[Source "ChessBase"]
[SourceQuality "1"]

{[%evp 21,91,20,10,5,13,12,14,13,27,24,33,19,20,18,38,43,58,43,60,58,60,50,74,35,69,61,71,77,58,51,95,107,130,49,65,65,65,65,65,64,93,85,137,91,90,87,89,58,56,43,64,-20,20,12,29,29,36,32,41,31,46,59,108,106,452,432,429,251,427,267,720,713]} 1. d4 Nf6 2. c4 g6 3. Nc3 d5 4. cxd5 Nxd5 5. e4 Nxc3 6. bxc3 Bg7 7. Nf3 c5 8. Be3 Qa5 9. Qd2 O-O 10. Rc1 Rd8 11. d5 e6 12. Bg5 {D85: Exchange Grünfeld: Unusual White 7th moves and lines with 7 Nf3} f6 13. Be3 Nc6 14. Bd3 {The position is equal.} Ne7 (14... exd5 {keeps more tension.} 15. exd5 c4 16. Bxc4 Be6 17. Rd1 Ne7) 15. c4 Qxd2+ 16. Bxd2 (16. Nxd2 b6 17. O-O h6 18. Rfd1 f5 19. f3 g5 {½-½ (27) Onischuk,A (2682)-Svidler,P (2751) Tbilisi 2017}) 16... b6 17. O-O Ba6 {[%cal Re6d5]} 18. Rfe1 $146 ({Predecessor:} 18. Rfd1 Nc8 19. Re1 e5 {0-1 (44) Maksimenko,A (2486)-Fier,A (2595) Marrakesh 2016}) 18... Rac8 {[%cal Re6d5]} 19. Bf1 exd5 20. exd5 Nf5 21. g4 {[%cal Bg2g4,Bg4g5][%mdl 32]} Nd6 22. Re7 Bf8 23. Rxa7 Ra8 24. Rxa8 Rxa8 25. g5 Bc8 26. gxf6 Rxa2 27. Be3 (27. Bf4 $16) 27... Ne4 28. Rb1 Ra6 29. Bf4 Nxf6 30. Bc7 Ne4 31. Rxb6 Ra1 (31... Ra7 $142) 32. Kg2 {aiming for Bd3.} Ra2 33. Bg3 $1 Bf5 34. Nh4 (34. Rb3 {seems wilder.} Bg7 35. Bd3 Bf6 36. Bb1 Ra4 37. Be5) 34... Nxg3 35. Kxg3 Ra3+ 36. f3 ({White should play} 36. Kf4 $1 $14) 36... Bc2 37. Bh3 Rd3 38. Ng2 {Threatening Nf4.} Bd1 39. Bg4 {Black must now prevent Nf4.} Rb3 40. Rc6 {[#] Nf4 is the strong threat.} h5 41. Be6+ $1 ({Reject} 41. Rxg6+ Kh7 $15) 41... Kg7 42. Nh4 g5 $2 {[%mdl 8192]} (42... Be7 $16) 43. Rc7+ $18 Kh6 44. Nf5+ Kg6 45. Rf7 Bxf3 $2 {[#]} (45... Rxf3+ 46. Kg2 Rxf5 47. Rxf5 Bd6) 46. Kf2 {Precision: White = 73%, Black = 29%.} 1-0

[Event "Shen Zhen Luo Hu Match 2018"]
[Site "Shenzhen"]
[Date "2018.06.12"]
[Round "2"]
[White "Svidler, Peter"]
[Black "Yu, Yangyi"]
[Result "1/2-1/2"]
[WhiteElo "2753"]
[BlackElo "2759"]
[Annotator "TA"]
[PlyCount "116"]
[EventDate "2018.??.??"]
[EventCountry "CHN"]
[SourceTitle "playchess.com"]
[Source "ChessBase"]
[SourceQuality "1"]

{[%evp 23,116,38,30,6,53,29,43,41,42,31,43,40,83,87,85,47,41,44,58,60,60,8,26,22,31,33,30,39,50,51,38,41,35,6,6,0,6,0,0,0,0,0,0,0,0,0,0,0,0,0,0,-12,-12,-12,-12,-10,-9,-9,-9,-15,-15,-51,-40,-68,-68,-68,-67,-68,-68,-68,-68,-68,-41,-41,-41,-68,-68,-89,-89,-89,-89,-121,-121,-121,-121,-121,-121,-121,-121,-121,-121,-121,-76,-121,0]} 1. c4 e5 2. g3 Nc6 3. Bg2 g6 4. Nc3 Bg7 5. Rb1 a5 6. a3 d6 7. b4 axb4 8. axb4 Nf6 9. b5 Ne7 {A25: English Opening vs King's Indian with ...Nc6 but without early d3} 10. Nf3 O-O 11. O-O Bf5 (11... Be6 12. d3 h6 13. Qb3 c6 14. Ba3 Re8 15. Ra1 Rc8 16. bxc6 bxc6 17. Rfb1 g5 18. Nd2 d5 19. Bc5 Nf5 20. Bb6 Qd6 21. Qa3 dxc4 22. Nxc4 Bxc4 23. dxc4 {0-1 (73) Bacrot,E (2705)-Radjabov,T (2751) Elista 2008}) 12. d3 Qd7 {LiveBook: 5 Games} 13. Bg5 $146 ({Predecessor:} 13. Re1 Bh3 14. Bh1 h6 15. Bb2 c6 16. c5 dxc5 17. Nxe5 Qc7 18. bxc6 Qxe5 19. cxb7 Rab8 20. Ne4 Qf5 21. Bxf6 Bxf6 22. Qc1 Nd5 23. Qxc5 {1-0 (57) Sarno,S (2314)-Zuttioni,F (2171) Civitanova Marche 2016}) 13... c6 14. bxc6 bxc6 15. c5 Ned5 16. Nxd5 Nxd5 17. Qc2 dxc5 18. e4 Nb4 19. Rxb4 cxb4 20. exf5 Qxf5 21. Be3 ({Much weaker is} 21. Qxc6 b3 $15) 21... Rfd8 22. Qxc6 ({White should play} 22. Qc4 $14) 22... b3 23. Nd2 {Strongly threatening Be4.} Rac8 24. Qa4 b2 25. Nc4 {aiming for Be4.} Rb8 26. Be4 Qe6 27. Rb1 f5 28. Bg2 {[#] Black must now prevent Ba7.} e4 $132 {[%mdl 2048] Black has counterplay} 29. dxe4 Ra8 30. Qc2 Ra1 {...Rxb1+ is the strong threat.} 31. Nxb2 Qa2 32. Rxa1 Qxa1+ 33. Bf1 Qxb2 34. Qc4+ Kh8 35. exf5 gxf5 36. Qe6 (36. Qh4 {looks sharper.} Rf8 37. Bd3 Qa1+ 38. Bf1 Qf6 39. Qc4) 36... Qe5 37. Bc4 Qxe6 38. Bxe6 $11 {[%mdl 4096] Endgame KRB-KB} Rf8 39. Kg2 Be5 40. f4 Bb2 {[#] Hoping for ...Re8.} 41. Kf3 Kg7 42. Bc5 Ra8 43. Bf2 Kf6 44. Bd5 Ra3+ 45. Kg2 Rd3 46. Bf3 Rd2 47. Kf1 Ke6 48. h3 Bd4 49. Bxd4 Rxd4 $15 {KR-KB} 50. h4 Rd2 {Black is better.} 51. Kg1 Kd6 52. Ba8 Kc5 53. Bb7 Kd4 54. Ba8 Rc2 55. Bb7 Ke3 56. Ba8 Ke2 57. Bb7 Ke1 58. Ba8 Ke2 {Precision: White = 52%, Black = 69%.} ({Better is} 58... Rc5 $17 59. Bb7 Ke2) 1/2-1/2

[Event "Shen Zhen Luo Hu Match 2018"]
[Site "Shenzhen"]
[Date "2018.06.12"]
[Round "3"]
[White "Yu, Yangyi"]
[Black "Svidler, Peter"]
[Result "0-1"]
[WhiteElo "2759"]
[BlackElo "2753"]
[Annotator "TA"]
[PlyCount "149"]
[EventDate "2018.??.??"]
[EventCountry "CHN"]
[SourceTitle "playchess.com"]
[Source "ChessBase"]
[SourceQuality "1"]

{[%evp 29,149,37,29,22,14,21,21,15,32,0,0,0,0,0,7,0,0,0,0,0,0,0,0,0,16,0,17,17,21,14,21,0,0,0,0,-8,-9,-14,0,-52,-31,-35,-42,-23,0,-3,0,0,0,0,-6,-13,0,-23,0,0,0,0,0,0,0,0,0,-53,-76,-95,-5,-124,-106,-252,-263,-269,-266,-256,-254,-283,-279,-460,-472,-455,-450,-431,-427,-597,-591,-576,-563,-459,-302,-594,-330,-328,-333,-326,-324,-333,-331,-310,-304,-270,-258,-667,-664,-666,-638,-725,-593,-736,-613,-518,-509,-6733,-4886,-12841,-1568,-12840,-400,-311,-271,-265,-232,-218]} 1. d4 Nf6 2. c4 g6 3. Nc3 d5 4. cxd5 Nxd5 5. e4 Nxc3 6. bxc3 Bg7 7. Nf3 c5 8. Be3 Qa5 9. Qd2 O-O 10. Rc1 Rd8 11. d5 e6 12. Bg5 {D85: Exchange Grünfeld: Unusual White 7th moves and lines with 7 Nf3} f6 13. Be3 Nc6 {[%cal Bb8c6,Bc6e7,Be7c8,Bc8d6,Bd6e8][%mdl 32]} 14. Bd3 Ne7 15. c4 Qxd2+ {[#] LiveBook: 3 Games} 16. Bxd2 $146 ({Predecessor:} 16. Nxd2 b6 17. O-O h6 18. Rfd1 f5 19. f3 g5 {½-½ (27) Onischuk,A (2682)-Svidler,P (2751) Tbilisi 2017}) 16... b6 17. O-O Bd7 18. Rfe1 Nc8 19. e5 exd5 20. cxd5 fxe5 21. Nxe5 Nd6 22. Bg5 Bxe5 $1 23. Bxd8 Bf4 24. Bc7 Bxc1 25. Rxc1 Ne8 26. Be5 Rd8 27. f3 Bf5 28. Bf1 Kf7 29. g4 Bc8 30. Bc4 Nd6 31. Bb3 Ba6 32. a4 c4 33. Ba2 Nb7 34. Bc7 ({But not} 34. Bxc4 Rc8 $17) (34. Bf4 $11) 34... Rxd5 $15 35. Bxc4 Bxc4 36. Rxc4 {[%mdl 4096] Endgame KRB-KRN} Rc5 37. Rf4+ Ke6 (37... Kg7 $5 38. Bb8 $8 Ra5 $11) 38. Re4+ Kd7 39. Bf4 Rd5 40. Be3 Nd6 41. Rf4 Rd3 42. Kf2 Ra3 43. h4 Ke6 44. Rb4 Rc3 45. Bf4 Nc4 46. Bb8 ({Better is} 46. Rb1 $11) 46... a5 47. Rb5 Ra3 (47... Rc2+ $1 $17 48. Ke1 Rb2) 48. h5 (48. Ke2 $1 $11) 48... Rxa4 $17 {Threatens to win with ...Ra2+.} 49. Rg5 (49. hxg6 $17 {might work better.} hxg6 50. f4) 49... Kf7 $19 50. Rd5 {intending Rd7+.} Ra2+ 51. Kg3 Rd2 52. Rb5 Rd7 53. Kf2 $2 (53. Kf4) 53... Rb7 54. Bf4 {[#]} a4 $1 {[%cal Ba5a4,Ba4a3][%mdl 32]} 55. Ke2 a3 56. hxg6+ hxg6 57. Rb1 b5 58. Kd3 Ke6 59. Kd4 $2 (59. Kc3 {was called for.}) 59... Rf7 60. Re1+ Kd7 61. Bg5 Rxf3 62. Kc5 {[#]} a2 $1 {And now ...Na5 would win.} 63. Ra1 Nd6 64. Bh6 Rf2 65. Kb4 $2 (65. Bg7) 65... Rb2+ 66. Kc3 Nc4 67. Bg7 Kc6 68. Kd3 Rg2 69. Kc3 Kc5 70. Kb3 (70. Bd4+ $142 Kc6 71. Bg7) 70... Na5+ 71. Ka3 b4+ 72. Ka4 Nc6 (72... b3 $142 73. Kxa5 Rxg4 74. Rc1+ Rc4) 73. Rc1+ Kd5 74. Rd1+ Ke4 75. Kb3 {Precision: White = 42%, Black = 71%.} 0-1

[Event "Shen Zhen Luo Hu Match 2018"]
[Site "Shenzhen"]
[Date "2018.06.12"]
[Round "4"]
[White "Svidler, Peter"]
[Black "Yu, Yangyi"]
[Result "1-0"]
[WhiteElo "2753"]
[BlackElo "2759"]
[Annotator "TA"]
[PlyCount "97"]
[EventDate "2018.??.??"]
[EventCountry "CHN"]
[SourceTitle "playchess.com"]
[Source "ChessBase"]
[SourceQuality "1"]

{[%evp 13,97,43,52,24,29,-10,0,-9,8,8,9,14,18,6,5,0,16,0,3,-45,67,9,59,0,30,29,20,21,27,13,36,42,40,37,42,9,43,6,9,8,23,21,33,22,35,15,6,19,26,31,31,5,34,25,41,38,52,47,37,45,39,30,51,62,111,106,119,115,106,118,177,195,5289,5297,5264,4172,1881,1156,2468,2452,29970,29972,29970,29972,29973,29974]} 1. e4 e5 2. Nf3 Nf6 3. Nxe5 d6 4. Nf3 Nxe4 5. d4 d5 6. Bd3 Bf5 {C42: Petroff Defence: 3 Nxe5 and unusual White 3rd moves} 7. O-O Be7 {LiveBook: 108 Games} 8. Ne5 {[%cal Bf3e5,Be5g4,Bg4e3][%mdl 32]} Nd7 {White has an edge.} 9. Ng4 $146 {Black must now prevent Ne3.} (9. Nc3 {is more complex.} Nxc3 10. bxc3 Bxd3 11. cxd3 O-O 12. Qg4) ({Predecessor:} 9. Qf3 Nxe5 10. dxe5 Bg6 11. c4 c6 12. cxd5 Qxd5 13. Nd2 Nc3 14. Bxg6 Qxf3 15. Nxf3 {½-½ (46) Vachier Lagrave,M (2791)-Wang,Y (2699) Dortmund 2017}) 9... Ndf6 10. Ne3 Be6 11. f3 Nd6 12. b3 Qd7 13. Re1 O-O 14. c4 Rfe8 15. Nc3 c6 16. Qc2 b6 (16... dxc4 $15 17. bxc4 Rac8) 17. Bb2 ({Better is} 17. cxd5 $14 cxd5 18. Bb2) 17... Bf8 18. Rad1 (18. cxd5 $14 cxd5 19. g4) 18... Rac8 19. c5 Nb7 $1 20. b4 g6 21. Ne2 Bh6 22. Bc1 Bg7 23. Ba6 Re7 24. Nf4 Rce8 25. Qf2 (25. b5 $5) 25... Nd8 26. Bd3 Qb7 27. Nc2 Bc8 28. Rxe7 Rxe7 29. Re1 Rxe1+ 30. Qxe1 Ne6 31. Nxe6 Bxe6 32. Bf4 Nd7 33. h4 Nf8 34. Be5 Qe7 35. Bxg7 Kxg7 36. cxb6 axb6 37. a4 Qa7 38. a5 Nd7 {[#]} 39. h5 $1 {[%mdl 512]} bxa5 (39... gxh5 40. Qg3+) 40. bxa5 c5 41. Bb5 Bf5 {[#]} (41... Nf6 $16 {was worth a try.}) 42. Ne3 $1 $18 {[%cal Re3f5]} cxd4 $2 (42... Be6) 43. Nxf5+ gxf5 44. Qg3+ Kf8 45. Qd6+ Ke8 46. Qxd5 Ke7 47. Qxd7+ {White mates.} Qxd7 48. Bxd7 Kxd7 49. Kf2 {Precision: White = 56%, Black = 32%.} 1-0

[Event "Shen Zhen Luo Hu Match 2018"]
[Site "Shenzhen"]
[Date "2018.06.13"]
[Round "5"]
[White "Yu, Yangyi"]
[Black "Svidler, Peter"]
[Result "0-1"]
[WhiteElo "2759"]
[BlackElo "2753"]
[Annotator "TA"]
[PlyCount "78"]
[EventDate "2018.??.??"]
[EventCountry "CHN"]
[SourceTitle "playchess.com"]
[Source "ChessBase"]
[SourceQuality "1"]

{[%evp 21,78,35,40,37,32,33,28,23,22,4,28,17,18,-1,53,58,57,45,114,13,72,72,72,73,69,70,80,20,6,21,66,66,66,52,73,0,0,-42,-41,-108,-105,-377,-366,-366,-187,-183,-180,-239,-269,-242,-241,-277,-267,-277,-277,-608,-645,-871,-841]} 1. e4 e5 2. Nf3 Nc6 3. Bb5 a6 4. Ba4 Nf6 5. O-O Be7 6. Re1 b5 7. Bb3 d6 8. a4 Bd7 {C90: Closed Ruy Lopez with 7...d6: Early deviations} 9. c3 Na5 10. Bc2 c5 11. d4 Qb8 {LiveBook: 6 Games} 12. Bg5 Be6 $146 ({Predecessor:} 12... h6 13. Bh4 Be6 14. Nbd2 O-O 15. h3 Rd8 16. Bg3 cxd4 17. cxd4 {1-0 (42) Yu,Y (2760)-Xu,Y (2522) China 2018}) 13. Nbd2 {And now axb5 would win.} O-O 14. Nf1 h6 15. Bh4 cxd4 16. cxd4 Rc8 17. axb5 Qxb5 ({Black should play} 17... axb5 $11 18. Ne3 Qc7) 18. d5 $14 Bg4 19. Ne3 Bd8 (19... Qc5 $14) 20. h3 ({Better is} 20. Nxg4 $16 Nxg4 21. Bxd8 Rxd8 22. Nh4) 20... Bxf3 (20... Bh5 $1 $11 {remains equal.}) 21. Qxf3 $16 Nb3 22. Bxb3 $1 Qxb3 23. Bxf6 Bxf6 24. Qg4 (24. Nf5 $16 Qxf3 25. gxf3) 24... g6 $11 25. Rxa6 Rd8 26. Rc6 Qxb2 27. Qf3 Bg5 {[#]} 28. Rc7 (28. Nc4 $1 $16 {[%cal Rc4b2]} Qb4 29. Rd1) 28... Rf8 29. Ng4 h5 $36 {[%mdl 2048] Black has some pressure.} 30. Nf6+ (30. Ne3 $15) 30... Kg7 $17 31. Nd7 $2 {[%mdl 8192]} (31. Nxh5+ $17 gxh5 32. Qxh5) 31... Rfc8 $19 32. Rc6 Rxc6 (32... Qb7 $142 33. Rxc8 Rxc8 34. Nxe5 dxe5) 33. dxc6 Rc8 34. Qg3 (34. Qe2 {keeps fighting.} Qxe2 35. Rxe2) 34... Qd2 35. Rf1 Rxc6 {[#] Hoping for ...Rc3.} 36. Qb3 Rc7 37. Nb6 Rb7 38. Rb1 $2 (38. h4 Bxh4 39. Qd5 Qxd5 40. Nxd5) 38... Qd4 39. Qg3 Rxb6 {Precision: White = 33%, Black = 58%.} 0-1

[Event "Shen Zhen Luo Hu Match 2018"]
[Site "Shenzhen"]
[Date "2018.06.13"]
[Round "6"]
[White "Svidler, Peter"]
[Black "Yu, Yangyi"]
[Result "1-0"]
[WhiteElo "2753"]
[BlackElo "2759"]
[Annotator "TA"]
[PlyCount "59"]
[EventDate "2018.??.??"]
[EventCountry "CHN"]
[SourceTitle "playchess.com"]
[Source "ChessBase"]
[SourceQuality "1"]

{[%evp 13,59,40,35,27,35,29,25,25,23,29,36,33,38,0,0,1,32,34,33,47,63,70,69,37,41,31,76,41,136,153,164,143,132,135,189,152,335,324,394,393,377,393,347,384,391,382,627,613]} 1. c4 e5 2. Nc3 Nc6 3. Nf3 Nf6 4. e3 g6 5. d4 exd4 6. exd4 {A28: English Opening: Four Knights Variation} Bg7 7. d5 Ne7 {LiveBook: 9 Games} 8. Be2 {White is slightly better.} d6 9. h3 O-O 10. O-O a6 11. Re1 $146 ({Predecessor:} 11. Bf4 Rb8 12. Qd2 b5 {0-1 (50) Savchenko,B (2569)-Kobalia,M (2654) Moscow 2006}) 11... Bd7 12. Bf4 b5 13. Rc1 b4 14. Na4 Qe8 15. b3 $36 {[%cal Bb2b3,Bb3a4][%mdl 2080] White has the initiative.} Bxa4 16. bxa4 a5 17. Nd4 Qd7 18. Bf3 Rae8 19. g4 h6 20. Bg3 Kh8 (20... Qd8 $14) 21. Nb5 $16 Nc8 22. c5 Rxe1+ 23. Qxe1 Re8 (23... h5 $16 {was worth a try.}) 24. Qd2 $18 dxc5 $2 {[#]} (24... Qd8 $16 {was necessary.} 25. cxd6 cxd6) 25. Rxc5 Nd6 26. Rxc7 Nde4 27. Bxe4 Nxe4 28. Rxd7 Nxd2 29. d6 Ne4 $2 {[#]} (29... Re1+ 30. Kg2 Rd1 31. Rxf7 Ne4) 30. Re7 {Precision: White = 75%, Black = 39%.} 1-0

[Event "Shen Zhen Luo Hu Match 2018"]
[Site "Shenzhen"]
[Date "2018.06.13"]
[Round "7"]
[White "Yu, Yangyi"]
[Black "Svidler, Peter"]
[Result "0-1"]
[WhiteElo "2759"]
[BlackElo "2753"]
[Annotator "TA"]
[PlyCount "66"]
[EventDate "2018.??.??"]
[EventCountry "CHN"]
[SourceTitle "playchess.com"]
[Source "ChessBase"]
[SourceQuality "1"]

{[%evp 17,66,58,54,19,44,4,23,20,18,-12,-15,-19,4,10,16,-1,-2,-3,-10,-60,-70,-76,-58,-154,-155,-177,-176,-161,-162,-156,-160,-340,-137,-129,-139,-172,-173,-166,-149,-262,-178,-160,-143,-144,-139,-1093,-1072,-1064,-1060,-6295,-6279]} 1. e4 e5 2. Nf3 Nc6 3. Bb5 {[%cal Bf1b5,Bb5a4,Ba4b3][%mdl 32]} a6 4. Ba4 Nf6 5. O-O b5 6. Bb3 Bc5 7. a4 {[%cal Ba2a4,Ba4a5][%mdl 32]} Rb8 8. c3 d6 9. d4 Bb6 10. a5 {C78: Ruy Lopez: Archangelsk and Möller Defences} Ba7 11. h3 (11. Be3 exd4 12. cxd4 Bg4 13. Qc1 Qd7 14. Nbd2 O-O 15. e5 dxe5 16. Nxe5 Nxe5 17. dxe5 Bxe3 18. fxe3 Rbd8 19. exf6 Qxd2 20. fxg7 Kxg7 21. Qc5 Rd6 22. Qe5+ Kg6 23. Rf2 f6 24. Qf4 {1-0 (24) Yu,Y (2760)-Shankland,S (2671) Liaocheng 2018}) 11... O-O 12. Re1 {White has an edge.} Bb7 13. Be3 exd4 (13... Nxe4 $6 14. d5 $16) 14. cxd4 {White wants to play d5.} Ne7 {[#]} ({Stronger than} 14... Nxe4 15. d5 $16) 15. Nbd2 $146 ({Predecessor:} 15. d5 Bxe3 16. Rxe3 c6 17. Nc3 b4 18. dxc6 Bxc6 {1-0 (68) Jenni,F (2543)-Carvalho,G (2249) Dresden 2008}) 15... Bxe4 16. Nxe4 Nxe4 17. Qc2 d5 18. Ne5 Qd6 $1 19. f3 Nf6 (19... c5 $5 {[%cal Rc5d4]} 20. fxe4 cxd4 $15) 20. Rac1 (20. Qc3 $15) 20... c5 $1 $17 21. Bf4 Nh5 $1 {[%cal Rh5f4]} ({But not} 21... c4 $2 22. Ng6 $18) 22. Bh2 c4 23. Nxc4 Bxd4+ 24. Ne3 $2 (24. Kh1 $17 Ng3+ 25. Bxg3 Qxg3 26. Nb6) 24... Ng3 (24... Qh6 $19 25. Qd3 Nf5 $1 {[%mdl 512]} 26. Qxf5 Bxe3+ 27. Kh1 Bxc1 28. Bxb8 Rxb8 29. Qxd5 Nf6) 25. Qd3 {[#]} Ba7 $1 ({Much worse is} 25... Bxb2 $6 26. Nxd5 Nxd5 27. Bxd5 $15) 26. Bxg3 Qxg3 27. Kh1 Ng6 28. Nxd5 (28. Qd2 $17 Qg5 29. Rc7 Bxe3 30. Qxe3) 28... Rbe8 29. Qf1 Bb8 {[%csl Gb8][%cal Rg3h2]} 30. Qg1 Nh4 $40 {[%mdl 128] Black wants a kill.} 31. Rf1 $2 {[%mdl 8192]} (31. Rxe8 $17 Rxe8 32. Nc3) 31... Re2 $1 $19 {[%csl LRb2,LRg2][%cal Re2g2] Black is clearly winning.} 32. Rc2 {[#]} Rxg2 $1 {[%mdl 512]} 33. Rxg2 Qxh3+ {Precision: White = 28%, Black = 76%.} 0-1

[Event "Shen Zhen Luo Hu Match 2018"]
[Site "Shenzhen"]
[Date "2018.06.13"]
[Round "8"]
[White "Svidler, Peter"]
[Black "Yu, Yangyi"]
[Result "1/2-1/2"]
[WhiteElo "2753"]
[BlackElo "2759"]
[Annotator "TA"]
[PlyCount "108"]
[EventDate "2018.??.??"]
[EventCountry "CHN"]
[SourceTitle "playchess.com"]
[Source "ChessBase"]
[SourceQuality "1"]

{[%evp 16,108,8,0,23,28,34,27,36,35,25,35,30,31,44,50,60,52,56,49,62,52,53,55,62,70,108,49,62,27,56,51,50,47,53,35,41,27,27,27,30,18,18,19,28,0,0,0,0,0,0,0,0,0,0,0,0,0,0,0,0,0,0,0,0,0,0,0,0,0,0,0,0,0,10,10,10,10,26,10,10,10,10,10,10,10,10,10,10,10,10,10,10,0,10]} 1. c4 e6 2. Nf3 Nf6 3. Nc3 d5 4. e3 Be7 5. b3 O-O 6. Bb2 c5 7. cxd5 Nxd5 8. Nxd5 {A13: English Opening: 1...e6} (8. Qc2 b6 9. Nxd5 exd5 10. d4 Nc6 11. Be2 Be6 12. O-O Rc8 13. dxc5 bxc5 14. Rac1 Qb6 15. Rfd1 Rfd8 {1-0 (40) Karjakin,S (2763)-Kramnik,V (2800) Moscow 2018}) 8... exd5 9. d4 {LiveBook: 3 Games} cxd4 10. Qxd4 {[%csl Gb2][%cal Rd4g7] [#] White has an edge.} Bf6 11. Qd2 Nc6 12. Be2 Bxb2 $146 ({Predecessor:} 12... Be6 13. O-O Bxb2 14. Qxb2 Qa5 15. Rfd1 Rad8 {1-0 (42) Botvinnik,M-Zagoriansky,E Sverdlovsk (>Yekaterinburg) 1943}) 13. Qxb2 Qa5+ 14. Qd2 Qxd2+ 15. Kxd2 Bg4 16. Rhd1 Rac8 17. Rac1 Rfd8 18. h3 Be6 19. Bb5 Ne7 20. Nd4 Kf8 21. Bd3 (21. Rxc8 $16 Nxc8 22. Bd3) 21... h6 22. f4 (22. Bb5 {seems wilder.} a6 23. Rxc8 Nxc8 24. Bd3 Ke7 25. Rc1) 22... Rxc1 23. Rxc1 Rc8 24. Rxc8+ Nxc8 $14 {[%mdl 4096] Endgame KBN-KBN} 25. Be2 Ke7 26. Bf3 Kd6 27. Kc3 Bd7 28. Bh5 g6 29. Be2 Ne7 30. h4 h5 31. g3 Ng8 32. Bf3 Nf6 33. a3 a6 34. b4 Bg4 35. Bg2 Bd1 36. Kd2 Ba4 37. Bf3 Bd7 38. Kc3 b6 39. Kd3 Bg4 40. Bg2 Bd7 41. Bf3 Ng8 42. Kc3 Ne7 43. Kd3 Bf5+ 44. Kd2 Be4 45. Be2 a5 46. g4 axb4 47. axb4 hxg4 {The position is equal.} 48. Bxg4 Ng8 49. h5 gxh5 50. Bxh5 f6 51. Nb5+ Kd7 52. Bg4+ Kc6 53. Nd4+ Kd6 54. Nb5+ Kc6 {Precision: White = 56%, Black = 74%.} 1/2-1/2

[Event "Shen Zhen Luo Hu Match 2018"]
[Site "Shenzhen"]
[Date "2018.06.14"]
[Round "9"]
[White "Svidler, Peter"]
[Black "Yu, Yangyi"]
[Result "0-1"]
[WhiteElo "2753"]
[BlackElo "2759"]
[Annotator "TA"]
[PlyCount "100"]
[EventDate "2018.??.??"]
[EventCountry "CHN"]
[SourceTitle "playchess.com"]
[Source "ChessBase"]
[SourceQuality "1"]

{[%evp 12,100,14,16,34,24,27,33,40,43,34,14,41,45,41,44,46,41,47,48,50,37,44,24,29,15,23,14,17,19,28,27,33,27,29,23,29,39,32,26,49,45,80,79,121,0,0,-99,-108,-124,-119,-125,-88,-88,-77,-108,-66,-154,-146,-131,-16,-115,-115,-114,-85,-96,-70,-113,-88,-88,-88,-101,-116,-117,0,0,0,0,0,-178,0,0,0,0,0,-12844,-12844,-12845,-12845,-12845,-12846]} 1. e4 e6 2. d4 d5 3. Nd2 Be7 4. c3 c5 5. exd5 Qxd5 (5... exd5 6. Ngf3 Nc6 7. dxc5 Bxc5 8. Nb3 Bb6 9. Be2 Nf6 10. O-O O-O 11. Bf4 Re8 12. h3 Ne4 13. Nfd4 Qf6 14. Be3 Bc7 15. Nb5 Bb8 16. Qxd5 Re5 17. Qd3 Qg6 18. Bf4 Rxb5 19. Bxb8 Rxb3 20. axb3 Rxb8 {0-1 (41) Malakhov,V (2696)-Morozevich,A (2731) Moscow 2014}) 6. Ngf3 {C03: French Tarrasch: Unusual Black 3rd moves} Nf6 7. Bc4 {LiveBook: 9 Games} Qd8 8. dxc5 {White is slightly better.} Bxc5 9. Qe2 O-O 10. O-O Nbd7 11. Ne4 $146 ({Predecessor:} 11. Nb3 Be7 12. Bg5 Nb6 13. Bd3 {0-1 (32) Hoffmann,H (2330)-Miesbauer,J (2321) Bayerisch Eisenstein 2016}) 11... Be7 12. Bf4 Nxe4 13. Qxe4 Nf6 14. Qe2 Bd7 15. Ne5 {Hoping for Rad1.} Qb6 16. Nxd7 Nxd7 17. Rad1 Nf6 18. Rd2 Rad8 19. Rfd1 Rxd2 20. Rxd2 a6 21. Qf3 Rc8 22. Bb3 h6 23. g3 Qc6 24. Qxc6 Rxc6 25. Bd1 Nd5 26. Bf3 g5 27. Be3 Bc5 28. c4 (28. Bxd5 $16 exd5 29. Rxd5 Bxe3 30. fxe3) 28... Bxe3 $11 29. fxe3 (29. cxd5 $11 Bxd2 30. dxc6 bxc6 31. Bxc6) 29... Rxc4 $17 30. Bxd5 exd5 $11 {[%mdl 4096] Endgame KR-KR} 31. Kf2 Rc5 32. b4 Rb5 33. a3 a5 34. Rd4 (34. bxa5 $1 $15 Kg7 35. a4 Rxa5 36. Rd4) 34... axb4 $17 35. axb4 f5 (35... Kh7 $17 36. g4 Kg6) 36. h3 (36. h4 $1 $11) 36... Kf7 37. g4 Ke6 38. gxf5+ Kxf5 39. Kg3 h5 40. h4 g4 41. Rf4+ Ke5 42. Rf8 {[#]} Rxb4 (42... d4 $1 $17 {[%cal Rd4d3] ...d3 is the strong threat.} 43. Re8+ Kd5 44. Rd8+ Ke4 45. exd4 Rxb4) 43. Rh8 $11 Ke4 {White must now prevent ...d4.} 44. Rxh5 Rb1 45. Rh7 $2 (45. Rg5 $11 {and White is okay.}) 45... b5 $2 (45... Kxe3 $19 {aiming for ...d4.} 46. h5 b5 47. Re7+ Kd3) 46. Re7+ Kd3 47. h5 b4 {[%cal Bb5b4,Bb4b3,Bb3b2][%mdl 32]} 48. Kxg4 $2 {[%mdl 8192] [#]} (48. Rd7 $11) 48... b3 $19 {Black is clearly winning.} 49. Rd7 b2 50. Rxd5+ Ke4 {Precision: White = 45%, Black = 47%.} ({Inferior is} 50... Ke2 51. Rb5 $11) 0-1